Revista de Guadalajara /

Պահպանված է:
Մատենագիտական մանրամասներ
Ձևաչափ: Գիրք
Լեզու:իսպաներեն
Խորագրեր:
Ցուցիչներ: Ավելացրեք ցուցիչ
Չկան պիտակներ, Եղեք առաջինը, ով նշում է այս գրառումը!

MARC

LEADER 00000nam^a2200000^a^4500
001 000136281
005 20250526000000.0
009 20260310095312.019
037 |a Acervo ITESO - Biblioteca 
041 |a ESP 
082 |a 805.  |b GUA 1920 V. 6 
240 1 1 |a [Revista de Guadalajara] 
245 0 0 |a Revista de Guadalajara / 
264 |a Guadalajara, México :  |b Revista de Guadalajara,  |c 1920 
300 |a p. 121-141 ;  |c 22.0 cm. 
649 |a XX 
650 |a Literatura -  |x Publicaciones Periódicas Jaliscienses 
650 |a Literatura -  |x Publicaciones Periódicas Mexicanas 
650 |a Hijos 
650 |a Familia 
650 |a Industria 
650 |a Epistemología 
650 |a Cuentos 
650 |a Poesía 
910 |a Fondo Salvador Reynoso Reynoso 
920 |a Impresos - Libros 
930 |a Libros Antiguos y Raros 
940 |a Literatura 
905 |a 108 
901 |a 0800013783  |b IT2  |c LRA  |u 20250526 
902 |a https://opac.biblio.iteso.mx/vufind/Record/000136281